| 000 | 00698cam a2200241 i 4500 | ||
|---|---|---|---|
| 001 | 4171055 | ||
| 005 | 20180202045202.0 | ||
| 008 | 791205s1980 nju b 001 0 eng | ||
| 010 | _a 79003213 | ||
| 020 |
_a0691076170 : _c$20.00 |
||
| 020 |
_a0691021953 (pbk.) : _c$7.95 |
||
| 040 |
_aDLC _cDLC _dDLC |
||
| 041 | _aeng | ||
| 043 | _ad------ | ||
| 080 | _a351.007.091724 MER | ||
| 082 | 0 | 0 | _a351.007.091724 MER |
| 100 | _a16 | ||
| 101 | _aPOL | ||
| 245 | 0 | 0 |
_aPolitics and policy implementation in the Third World / _cedited by Merilee S. Grindle. |
| 504 | _aIncludes bibliographical references and index. | ||
| 906 |
_a7 _bcbc _corignew _d1 _eocip _f19 _gy-gencatlg |
||
| 942 |
_2ddc _cBK |
||
| 999 |
_c41617 _d41617 |
||